UBT Library

Markt-Macht China : (Record no. 300)

000 -LEADER
fixed length control field 00480nam a22001697a 4500
008 - FIXED-LENGTH DATA ELEMENTS--GENERAL INFORMATION
fixed length control field 131113b xxu||||| |||| 00| 0 ger d
020 ## - INTERNATIONAL STANDARD BOOK NUMBER
International Standard Book Number 3701504075
041 0# - LANGUAGE CODE
Language code of text/sound track or separate title ger
080 ## - UNIVERSAL DECIMAL CLASSIFICATION NUMBER
Universal Decimal Classification number 339.138
Common auxiliary subdivision (510)
100 1# - Rafti
Rafti Krott, Martin F.
245 10 - TITLE STATEMENT
Title Markt-Macht China :
Statement of responsibility, etc Martin F. Krott
260 ## -
-- Wien :
-- Verlag Orac ;
-- 1999.
300 ## -
-- 205 f. :
-- 22cm.
500 ## -
-- Einleitung : f. 7
650 ## -
-- Marketingu.
-- Kina
942 ## - ADDED ENTRY ELEMENTS (KOHA)
Source of classification or shelving scheme
Item type Books
Holdings
Withdrawn status Lost status Source of classification or shelving scheme Damaged status Not for loan Collection code Permanent location Current location Shelving location Date acquired Total Checkouts Full call number Barcode Date last seen Price effective from Koha item type
          Koleksioni i përgjithshem UBT - Prishtine UBT - Prishtine Koleksioni i përgjithshem 11/13/2013   339.138(510) KRO 001-000378 11/13/2013 11/13/2013 Books
UBT Library © 2015-2024. All rights reserved University Education for Business and Technology